"Nové smery v IKT, podnikovom hospodárstve a jazykovej komunikácii II" recenzovaný zborník príspevkov a abstraktov z medzinárodného vedeckého workshopu "Nové smery v IKT, podnikovom hospodárstve a jazykovej komunikácii II" : 10. december 2019

Bibliographic Details
Corporate Author: Nové smery v IKT, podnikovom hospodárstve a jazykovej komunikácii II Košice, Slovensko (Author)
Format: Conference Proceeding Software eBook
Language:Slovak
English
PhysicalDescription:1 CD-ROM farebný 12 cm
Published: Bratislava Vydavateľstvo EKONÓM 2019
ISBN:9788022546782
Subjects:

MARC

LEADER 00000nam a2200000 4500
001 vtls012011560
003 SK-MaSNL
005 20260301140417.0
007 co cg auuua
008 210119s2019 xo | fqa 100 0 slo
015 |a SNBS2020 
020 |a 9788022546782  |q (elektronická kniha) 
040 |a SNK  |b slo  |c SNK  |e rda 
041 0 |a slo  |a eng 
044 |a xo  |c SK 
072 7 |a 004  |x Počítačová veda. Výpočtová technika. Informačné technológie  |2 konspekt 
072 7 |a 658  |x Riadenie a správa podniku  |2 konspekt 
080 |a 004+621.39  |2 2011 
080 |a 316.772.2  |2 2011 
080 |a 658  |2 2011 
080 |a (062.534)  |2 2011 
080 |a (048.3)  |2 2011 
080 |a (0.034.44)  |2 2011 
111 2 |a Nové smery v IKT, podnikovom hospodárstve a jazykovej komunikácii II  |n (2. :  |d 2019 :  |c Košice, Slovensko)  |4 aut  |9 493058 
245 1 1 |a "Nové smery v IKT, podnikovom hospodárstve a jazykovej komunikácii II"  |b recenzovaný zborník príspevkov a abstraktov z medzinárodného vedeckého workshopu "Nové smery v IKT, podnikovom hospodárstve a jazykovej komunikácii II" : 10. december 2019 
246 3 0 |a Nové smery v IKT, podnikovom hospodárstve a jazykovej komunikácii 
264 1 |a Bratislava  |b Vydavateľstvo EKONÓM  |c 2019 
300 |a 1 CD-ROM  |b farebný  |c 12 cm 
336 |a text  |b txt  |2 rdacontent 
337 |a počítač  |b c  |2 rdamedia 
338 |a počítačový disk  |b cd  |2 rdacarrier 
347 |a textový súbor  |b PDF  |2 rda 
366 |e 150 kusov 
500 |a Pod názvom: Katedra informačnej a jazykovej komunikácie, Katedra kvantitatívnych metód, Podnikovohospodárska fakulta so sídlom v Košiciach, Ekonomická univerzita v Bratislave a Fakulta materiálově-technologická + Hornicko-geologická fakulta, Vysoká škola báňská - Technická univerzita Ostrava 
504 |a Obsahuje bibliografiu 
546 |a Text čiastočne aj anglicky 
650 0 7 |a informačné a komunikačné technológie  |2 SNKPH  |9 81648 
650 0 7 |a jazyková komunikácia  |2 SNKPH  |9 990 
650 0 7 |a podniková ekonomika  |2 SNKPH  |9 3955 
650 0 7 |a podnikové hospodárstvo  |2 SNKPH  |9 78209 
650 0 7 |a Information and communication technology  |2 SNKPHeng  |9 274495 
650 0 7 |a Verbal communication  |2 SNKPHeng  |9 312725 
650 0 7 |a Managerial economics  |2 SNKPHeng  |9 267336 
650 0 7 |a Business management  |2 SNKPHeng  |9 410005 
655 7 |a CD-ROM  |2 SNKPH  |9 70236 
655 7 |a zborníky konferencií  |2 SNKPH  |9 70153 
655 7 |a abstrakty  |2 SNKPH  |9 22516 
655 7 |a Proceedings of conferences  |2 SNKPHeng  |9 265791 
655 7 |a Abstracts  |2 SNKPHeng  |9 275616 
710 2 |a Ekonomická univerzita v Bratislave.  |b Podnikovohospodárska fakulta v Košiciach.  |4 pbl 
919 |a 978-80-225-2678-2 
958 |a NB 
999 |c 763571  |d 765501 
952 |a SNK  |b SNK  |y PREZ  |7 0  |p 17A1448825  |o snkSCDM 11400  |i snk2021/135  |8 0  |0 0  |1 0  |4 0  |d 2021-01-19  |l 0  |r 2026-02-24 00:11:33  |w 2026-02-24 
952 |t snkNOV 004  |a SNKMST  |b SNKMST  |y PREZ  |7 0  |p 17A1448826  |o snkSCDM 11400 D1  |i snk2021/136  |8 0  |0 0  |1 0  |4 0  |d 2021-01-19  |l 0  |r 2025-08-11 00:00:00  |w 2026-02-24